BIBLE - Psaumes 1 - Statistiques

Statistiques générales
  • Ce quiz a été pris 17 fois
  • Le résultat moyen est 94 sur 138
Statistiques - réponses
Psaume 1 % Correct
l'
100%
est
100%
Et
100%
et
100%
l'
100%
à
94%
C'
94%
d'
94%
le
94%
s'
94%
la
88%
se
88%
de
81%
Éternel,
81%
Éternel
81%
Il
81%
il
81%
n'
81%
pas
81%
sa
81%
son
81%
des
75%
en
75%
en
75%
ne
75%
qu'
75%
qui
75%
Qui
75%
un
75%
ce
69%
comme
69%
Heureux
69%
homme
69%
les
69%
méchants,
69%
méchants:
69%
méchants
69%
sont
69%
au
63%
conseil
63%
dans
63%
Ils
63%
jour
63%
Mais
63%
que
63%
sur
63%
dont
56%
loi
56%
moqueurs,
56%
pécheurs,
56%
pécheurs
56%
trouve
56%
arbre
50%
Car
50%
compagnie
50%
donne
50%
du
50%
eau,
50%
fait
50%
justes;
50%
justes,
50%
mène
50%
Ni
50%
nuit!
50%
près
50%
ruine.
50%
voie
50%
ainsi
44%
assied
44%
connaît
44%
courant
44%
feuillage
44%
flétrit
44%
jugement,
44%
lui
44%
marche
44%
médite
44%
paille
44%
plaisir
44%
planté
44%
point:
44%
pourquoi
44%
selon
44%
Tout
44%
vent
44%
arrête
38%
assemblée
38%
dissipe.
38%
fruit
38%
résistent
31%
réussit.
31%
saison,
31%
Aucun quiz correspondant
Distribution des résultats
% des personnes avec chaque résultat
Percentile par nombre de réponses
Votre historique - résultats
Vous n’avez pas pris ce quiz